000 00710na a2200241 4500
001 17694
003 MIRAKIL
005 20181213154921.0
008 161101b tu 000 0
040 _aMilas
_btur
_cTR-AnCHP
041 _atur
082 _a355.0217
_bG36n 1983
090 _a355.0217 G36n 1983
100 _aGerger, Haluk
245 _aNükleer tehlike
_bNükleer silahlar ve nükleer savaş
_cHaluk Gerger
246 _aNükleer silahlar ve nükleer savaş
260 _aAnkara
_bBilim ve Sanat Yayınları
_c1983
300 _a152 s.
_bres.; şkl.
_c20 sm.
490 _aBilim ve Sanat Yayınları
_v2
504 _aDizin var.
650 _aNükleer enerji
_xZararlar
942 _2ddc
_cBKS
999 _c3137
_d3137